Teória štatistiky

Salvato in:
Dettagli Bibliografici
Autore principale: Kovačka, Milan
Ente Autore: Vysoká škola ekonomická v Bratislave. Fakulta riadenia
Natura: Libro
Lingua:slovacco
Pubblicazione: Bratislava VŠE 1983
Edizione:2. dopln. a preprac. vyd.
Tags: Aggiungi Tag
Nessun Tag, puoi essere il primo ad aggiungerne!!

MARC

LEADER 00000nam a2200000 4500
001 c134004
005 20221220085820.7
041 0 |a slo 
044 |a SK 
245 1 0 |a Teória štatistiky  |c Milan Kovačka a kol. 
250 |a 2. dopln. a preprac. vyd. 
264 1 |a Bratislava  |b VŠE  |c 1983 
300 |a 387 s. 
100 1 |a Kovačka, Milan 
710 2 |a Vysoká škola ekonomická v Bratislave. Fakulta riadenia